| 000 | 01157nam a22002777a 4500 | ||
|---|---|---|---|
| 003 | OSt | ||
| 005 | 20180117131726.0 | ||
| 008 | 180117e201709 spco||| |||| 0|1 0 cat|d | ||
| 017 |
_aDL B 17353-2017 _bBiblioteca de Catalunya |
||
| 020 | _a9788429776195 | ||
| 040 |
_aES-BaBC _bcat _cCDMR |
||
| 100 | 1 |
_aRoig, Montserrat _d1946-1991, _92620 |
|
| 245 | 1 | 4 |
_aEls Catalans als camps nazis _c/ Montserrat Roig ; introducció de Rosa Toran ; presentació d'Artur London |
| 260 |
_aBarcelona : _bEdicions 62, _c2017 |
||
| 300 |
_aLXVIII, 826 pàgines, 20 fulls de làmines no numerades : _bil·lustracions ; _c23 cm |
||
| 504 | _aÍndex de noms: p. 813-826 | ||
| 504 | _aBibliografia: p. 565-568 | ||
| 610 | 2 | 7 |
_aMauthausen (Camp de concentració) _2lemac |
| 650 | 7 |
_aGuerra Mundial II, 1939-1945 _xPresoners i presons dels alemanys _2lemac _93587 |
|
| 650 | 7 |
_aGuerra Mundial II, 1939-1945 _xCamps de concentració _2lemac _93587 |
|
| 650 | 7 |
_aPresoners de guerra _zCatalunya _2lemac |
|
| 650 | 7 |
_aGuerra Mundial II, 1939-1945 _xCamps de concentració _xRelats personals catalans |
|
| 700 | 1 |
_aToran, Rosa, _d1947- |
|
| 700 | 1 | _aLondon, Artur Gerard, | |
| 942 | _cMON | ||
| 999 |
_c7103 _d7103 |
||